| 000 | 01082nam a2200349 a 4500 | ||
|---|---|---|---|
| 001 | 000110655 | ||
| 003 | CHAP | ||
| 005 | 20220329144142.0 | ||
| 008 | 140923s2008 sp | |r| |||1|||spa|d | ||
| 010 | _a107117 | ||
| 011 | _a108089 | ||
| 020 | _a9788429150445 | ||
| 040 | _cCHAP | ||
| 082 | 0 | 4 |
_a519.5 _bB78 2008 |
| 100 | 0 | 0 |
_aBox, George E. P. _914854 |
| 245 | 1 | 0 |
_aEstadística para investigadores : _bdiseño, innovación y descubrimiento / _c2008. |
| 250 | _a2 ed. | ||
| 260 | 3 |
_aBarcelona : _bReverté, _c2008. |
|
| 300 | _axviii, 639 p. | ||
| 534 |
_pTít. original : _tStatistics for experimenters: Design, innovation, and discovery |
||
| 590 |
_aE11695DGD _b10 _c20140924 _lUCH01 _h0905 |
||
| 590 |
_aE11695DGD _b10 _c20140924 _lUCH01 _h0912 |
||
| 590 |
_aE11695DGD _b10 _c20150327 _lUCH01 _h1149 |
||
| 590 |
_aE792CSJ _b05 _c20140923 _lUCH01 _h1032 |
||
| 650 | 1 | 4 |
_aEstadística matemática. _938261 |
| 650 | 1 | 4 |
_aProbabilidad. _991685 |
| 700 | 0 |
_aHunter, J. Stuart. _956941 |
|
| 700 | 0 |
_aHunter, William G. _956952 |
|
| 901 | _aBK | ||
| 942 | _cLIBRO | ||
| 942 | _n0 | ||
| 999 |
_c107117 _d107117 |
||